Extensió d'Ensenyament Tècnic : escola postal : estudis de mecànica, d'electricitat i ensenyaments agrícoles per correspondència escola postal :
Descripción Física:
16 p., [4] p. de làm. ; 21 cm
MARC
| LEADER | 00000nam a2200000Ia 4500 | ||
|---|---|---|---|
| 001 | 7768 | ||
| 008 | 160829s9999 xx 000 0 cat d | ||
| 080 | |a RF-5-37 | ||
| 100 | |a Catalunya. Extensió d'Ensenyament Tècnic |9 20004 | ||
| 245 | |a Extensió d'Ensenyament Tècnic : |b escola postal : |b estudis de mecànica, d'electricitat i ensenyaments agrícoles per correspondència | ||
| 260 | |a Barcelona : |b (Impr. Altés), [s.a.] | ||
| 300 | |a 16 p., [4] p. de làm. ; |c 21 cm | ||
| 650 | |a Catalunya. Extensió d'Ensenyament Tècnic |x Currículums |9 33042 | ||
| 650 | |a Cursos per correspondència |9 33043 | ||
| 856 | 4 | |u https://media.diba.cat/diba/fitxers/arxiu/fulletons/bib_7768_baixa.pdf |y Accés lliure | |
| 856 | 4 | |u https://media.diba.cat/diba/fitxers/arxiu/fulletons/bib_7768_baixa.pdf |y Accés lliure | |
| 901 | |a Arxiu | ||
| 942 | |n 1 |2 udc | ||
| 952 | |0 0 |1 0 |4 0 |6 RF537 |7 1 |9 46184 |a Arxiu |b Arxiu |d 2016-12-01 |l 0 |o RF-5-37 |p 7768 |r 2016-12-01 00:00:00 |w 2016-12-01 |y ARXIU | ||
| 999 | |c 49686 |d 49686 | ||
| 900 | |a bib_7768_baixa.pdf | ||